00639 2200253 4500001002100000005001500021035002000036007000300056008004100059040001700100100001800117245004500135250001300180300003600193020002200229041000800251082001100259084001700270090001700287260003700304650001400341850001000355990002000365INLIS00000000000371220260528093550 a0010-0721000067ta260528 0  aSBPUPADbind0 aKoes Irianto,1 aEnsiklopedi Kesehatan 6 /cKoes Irianto, aEd.--2-- aiv, 100 hlm. :billus. ;c25 cm a978-979-465-735-8 aind a610.03 a610.03 KOE e a610.03 KOE e a--Bandung :bEpsilon Grup,c2010 4aKesehatan aPUPAD a25.880/H/DPK/18